000 01384cam a2200385 a 4500
001 601136
003 OSt
005 20140310184422.0
008 910402s1992 maua j 000 1 eng
010 _a 91071858
020 _a0590065653
040 _aDLC
_cDLC
_dDLC
042 _alcac
050 0 0 _aPZ 7
_b.W1137Can 1996
100 1 _aWaddell, Martin.
_926736
245 1 0 _aCan't you sleep, Little Bear? /
_cMartin Waddell ; illustrated by Barbara Firth.
250 _a1st U.S.A ed.
260 _aCambridge, Mass. :
_bCandlewick Press,
_c1996
300 _a1 v. (unpaged) :
_bcol. ill. ;
_c26 cm.
520 _aWhen bedtime comes Little Bear is afraid of the dark, until Big Bear brings him lights and love.
521 _aG2
526 _c450
562 _e2
650 1 _aBears
_xFiction.
_926737
650 1 _aFear of the dark
_xFiction.
_926738
650 1 _aBedtime
_xFiction.
_926739
700 1 _aFirth, Barbara,
_eill.
_926740
856 4 2 _3Publisher description
_uhttp://www.loc.gov/catdir/enhancements/fy0665/91071858-d.html
906 _a7
_bcbc
_corignew
_d2
_eopcn
_f19
_gy-gencatlg
942 _2lcc
_cBK-SCHOLAS
999 _c34245
_d34245